Przystanki linii 122 w Toruniu - Statystyki

Ogólne statystyki
  • Ten quiz został rozwiązany 6 razy
  • Średni wynik to 23 z 27
Statystyki odpowiedzi
Odpowiedź % Poprawnych
Ligi Polskiej
100%
OBROWO
100%
Osiek
100%
Osiek - Szkoła
100%
RUBINKOWO P&R
100%
Silno I
100%
Silno II
100%
Silno III
100%
Silno IV
100%
Złotoria I
100%
Drwęca
83%
Dzikowo
83%
Dzikowo skrzyżowanie
83%
Grabowiec I
83%
Grabowiec II
83%
Grabowiec - Wieś
83%
Kogucia
83%
Kolonia Obrowska
83%
Księżycowa
83%
Sąsieczno
83%
Wyszyńskiego
83%
Złotoria II
83%
Złotoria - Pomorska
83%
Dożynkowa
67%
Obrowo - Osiedle
67%
Osiek - Siciny I
67%
Osiek - Siciny II
50%
Nie znaleziono quizów pasujących do podanych kryteriów
Rozkład punktacji
Procent ludzi z każdym wynikiem
Percentyl według liczby udzielonych odpowiedzi
Twoja historia wyników
Nie rozwiązałeś tego quizu